Biochemistry / (Record no. 17067)
[ view plain ]
| 000 -LEADER | |
|---|---|
| fixed length control field | 00862nam a2200277 a 4500 |
| 001 - CONTROL NUMBER | |
| control field | 016065442 |
| 003 - CONTROL NUMBER IDENTIFIER | |
| control field | Uk |
| 005 - DATE AND TIME OF LATEST TRANSACTION | |
| control field | 20240818092943.0 |
| 008 - FIXED-LENGTH DATA ELEMENTS--GENERAL INFORMATION | |
| fixed length control field | 110405s2013 onca b 001 0 eng |
| 016 ## - | |
| -- | 20119021757 |
| 020 ## - INTERNATIONAL STANDARD BOOK NUMBER | |
| International Standard Book Number | 0138004641 |
| 020 ## - INTERNATIONAL STANDARD BOOK NUMBER | |
| International Standard Book Number | 9780138004644 |
| 082 04 - DEWEY DECIMAL CLASSIFICATION NUMBER | |
| Classification number | 572.3 |
| Edition number | 23 |
| Item number | BIO |
| 245 00 - TITLE STATEMENT | |
| Title | Biochemistry / |
| Statement of responsibility, etc | [edited by] Christopher K. Mathews ... [et al.]. |
| 250 ## - EDITION STATEMENT | |
| Edition statement | 4th U.S. ed. |
| 260 ## - | |
| -- | Toronto : |
| -- | Prentice Hall, |
| -- | c2013. |
| 300 ## - PHYSICAL DESCRIPTION | |
| Extent | xxvi, 1342 p. : |
| Other physical details | ill. (some col.) ; |
| Dimensions | 29 cm. |
| 336 ## - CONTENT TYPE | |
| Source | rdacontent |
| Content type term | text |
| Content type code | txt |
| 337 ## - MEDIA TYPE | |
| Media type term | unmediated |
| Source | rdamedia |
| Media type code | n |
| 338 ## - CARRIER TYPE | |
| Carrier type term | volume |
| Carrier type code | nc |
| Source | rdacarrier |
| 504 ## - BIBLIOGRAPHY, ETC. NOTE | |
| Bibliography, etc | Includes bibliographical references and index. |
| 650 #0 - SUBJECT ADDED ENTRY--TOPICAL TERM | |
| Topical term or geographic name as entry element | Biochemistry. |
| 9 (RLIN) | 31095 |
| 653 ## - INDEX TERM--UNCONTROLLED | |
| Resource For college | |
| Arrived date list | October2012 |
| 700 1# - ADDED ENTRY--PERSONAL NAME | |
| Personal name | Mathews, Christopher K., |
| Dates associated with a name | 1937- |
| 9 (RLIN) | 31096 |
| 942 ## - ADDED ENTRY ELEMENTS (KOHA) | |
| Source of classification or shelving scheme | Dewey Decimal Classification |
| Koha item type | Book - Borrowing |
| Classification part | RDA-MOD |
| Withdrawn status | Lost status | Source of classification or shelving scheme | Damaged status | Not for loan | Collection code | Home library | Current library | Shelving location | Date acquired | Source of acquisition | Total Checkouts | Total Renewals | Full call number | Barcode | Checked out | Date last seen | Date checked out | Price effective from | Koha item type |
|---|---|---|---|---|---|---|---|---|---|---|---|---|---|---|---|---|---|---|---|
| Dewey Decimal Classification | Baccah | Central Library | Central Library | First floor | 09/10/2012 | 6 | 24 | 572.3 BIO | 000027636 | 21/01/2021 | 10/12/2019 | 10/12/2019 | 09/10/2012 | Book - Borrowing |